[Event "DEM U16 2025"]
[Site "Willingen GER"]
[Date "2025.06.10"]
[Round "4"]
[White "Blodig, Vincent"]
[Black "Kaplan, Arne"]
[Result "1-0"]
[Termination "normal"]
[Board "14"]
[WhiteElo "2129"]
[BlackElo "1846"]
[WhiteClock "00:04:03"]
[BlackClock "00:24:18"]
[PlyCount "51"]
[WhiteFideId "16297857"]
[BlackFideId "34625194"]
[EventCountry "GER"]
[EventRounds "9"]
[EventType "swiss"]
[EventDate "2025.06.07"]

1. e4 {[%clk 01:30:58]} {[%emt 00:00:02]} c5 {[%clk 01:30:46]} {[%emt
00:00:14]} 2. Nf3 {[%clk 01:31:23]} {[%emt 00:00:05]} d6 {[%clk 01:31:10]}
{[%emt 00:00:06]} 3. d4 {[%clk 01:31:48]} {[%emt 00:00:04]} cxd4 {[%clk
01:31:33]} {[%emt 00:00:07]} 4. Nxd4 {[%clk 01:32:15]} {[%emt 00:00:04]} Nf6
{[%clk 01:31:54]} {[%emt 00:00:08]} 5. Nc3 {[%clk 01:32:39]} {[%emt 00:00:07]}
a6 {[%clk 01:32:19]} {[%emt 00:00:05]} 6. Bg5 {[%clk 01:32:59]} {[%emt
00:00:10]} e6 {[%clk 01:32:42]} {[%emt 00:00:07]} 7. f4 {[%clk 01:33:23]}
{[%emt 00:00:06]} Nbd7 {[%clk 01:33:07]} {[%emt 00:00:06]} 8. Qe2 {[%clk
01:32:31]} {[%emt 00:01:22]} Qc7 {[%clk 01:33:27]} {[%emt 00:00:09]} 9. O-O-O
{[%clk 01:32:51]} {[%emt 00:00:10]} b5 {[%clk 01:33:51]} {[%emt 00:00:06]} 10.
a3 {[%clk 01:32:42]} {[%emt 00:00:40]} Bb7 {[%clk 01:32:43]} {[%emt 00:01:38]}
11. g4 {[%clk 01:32:53]} {[%emt 00:00:18]} Rc8 {[%clk 01:29:03]} {[%emt
00:04:10]} 12. Bh4 {[%clk 00:59:24]} {[%emt 00:33:59]} e5 {[%clk 01:07:37]}
{[%emt 00:21:57]} 13. fxe5 {[%clk 00:36:21]} {[%emt 00:23:33]} dxe5 {[%clk
01:06:52]} {[%emt 00:01:14]} 14. Ndxb5 {[%clk 00:24:09]} {[%emt 00:12:42]} axb5
{[%clk 01:07:14]} {[%emt 00:00:08]} 15. Nxb5 {[%clk 00:24:12]} {[%emt
00:00:28]} Qb8 {[%clk 01:00:15]} {[%emt 00:07:28]} 16. g5 {[%clk 00:19:01]}
{[%emt 00:05:41]} Nxe4 {[%clk 00:52:03]} {[%emt 00:08:42]} 17. Rxd7 {[%clk
00:08:59]} {[%emt 00:10:33]} Kxd7 {[%clk 00:52:10]} {[%emt 00:00:23]} 18. Bh3+
{[%clk 00:09:21]} {[%emt 00:00:07]} Ke8 {[%clk 00:52:35]} {[%emt 00:00:05]} 19.
Qg4 {[%clk 00:06:56]} {[%emt 00:02:55]} Rd8 {[%clk 00:46:12]} {[%emt 00:06:53]}
20. g6 {[%clk 00:05:36]} {[%emt 00:01:51]} hxg6 {[%clk 00:24:53]} {[%emt
00:21:48]} 21. Bxd8 {[%clk 00:05:22]} {[%emt 00:00:44]} Qxd8 {[%clk 00:23:47]}
{[%emt 00:01:36]} 22. Rd1 {[%clk 00:03:36]} {[%emt 00:02:16]} Qg5+ {[%clk
00:23:49]} {[%emt 00:00:27]} 23. Qxg5 {[%clk 00:03:25]} {[%emt 00:00:42]} Nxg5
{[%clk 00:24:12]} {[%emt 00:00:07]} 24. Nc7+ {[%clk 00:03:41]} {[%emt
00:00:14]} Ke7 {[%clk 00:23:52]} {[%emt 00:00:51]} 25. Rd7+ {[%clk 00:04:03]}
{[%emt 00:00:08]} Kf6 {[%clk 00:24:18]} {[%emt 00:00:03]} 26. Ne8# {[%emt
00:00:06]} 1-0

[Event "DEM U16 2025"]
[Site "Willingen GER"]
[Date "2025.06.10"]
[Round "4"]
[White "Rose, Simeon"]
[Black "Khachaturyan, Konstantin"]
[Result "1-0"]
[Termination "normal"]
[Board "15"]
[WhiteElo "1864"]
[BlackElo "1800"]
[WhiteClock "00:31:13"]
[BlackClock "00:30:53"]
[PlyCount "119"]
[WhiteFideId "34625062"]
[BlackFideId "16239083"]
[EventCountry "GER"]
[EventRounds "9"]
[EventType "swiss"]
[EventDate "2025.06.07"]

1. e4 {[%clk 01:30:58]} {[%emt 00:00:01]} c6 {[%clk 01:30:56]} {[%emt
00:00:05]} 2. d4 {[%clk 01:31:23]} {[%emt 00:00:04]} d5 {[%clk 01:31:24]}
{[%emt 00:00:03]} 3. Nd2 {[%clk 01:31:48]} {[%emt 00:00:05]} dxe4 {[%clk
01:31:50]} {[%emt 00:00:03]} 4. Nxe4 {[%clk 01:32:12]} {[%emt 00:00:06]} Bf5
{[%clk 01:32:13]} {[%emt 00:00:08]} 5. Ng3 {[%clk 01:32:36]} {[%emt 00:00:06]}
Bg6 {[%clk 01:32:41]} {[%emt 00:00:03]} 6. Nf3 {[%clk 01:32:42]} {[%emt
00:00:23]} Nd7 {[%clk 01:33:07]} {[%emt 00:00:04]} 7. h4 {[%clk 01:32:52]}
{[%emt 00:00:20]} h6 {[%clk 01:33:33]} {[%emt 00:00:04]} 8. h5 {[%clk
01:33:14]} {[%emt 00:00:08]} Bh7 {[%clk 01:34:00]} {[%emt 00:00:03]} 9. Bd3
{[%clk 01:33:39]} {[%emt 00:00:05]} Bxd3 {[%clk 01:34:26]} {[%emt 00:00:04]}
10. Qxd3 {[%clk 01:34:04]} {[%emt 00:00:05]} e6 {[%clk 01:34:54]} {[%emt
00:00:03]} 11. Bd2 {[%clk 01:32:22]} {[%emt 00:02:11]} Ngf6 {[%clk 01:35:19]}
{[%emt 00:00:05]} 12. Ne4 {[%clk 01:31:12]} {[%emt 00:01:40]} Nxe4 {[%clk
01:33:49]} {[%emt 00:02:01]} 13. Qxe4 {[%clk 01:31:36]} {[%emt 00:00:06]} Nf6
{[%clk 01:34:13]} {[%emt 00:00:05]} 14. Qe2 {[%clk 01:30:44]} {[%emt 00:01:22]}
Be7 {[%clk 01:27:21]} {[%emt 00:07:23]} 15. O-O-O {[%clk 01:24:48]} {[%emt
00:06:25]} Qd5 {[%clk 01:27:29]} {[%emt 00:00:23]} 16. Kb1 {[%clk 01:21:49]}
{[%emt 00:03:29]} Nxh5 {[%clk 01:13:13]} {[%emt 00:14:45]} 17. Ne5 {[%clk
01:10:02]} {[%emt 00:12:17]} Nf6 {[%clk 01:12:43]} {[%emt 00:00:59]} 18. g4
{[%clk 01:08:32]} {[%emt 00:02:00]} Qe4 {[%clk 00:52:10]} {[%emt 00:21:04]} 19.
Be3 {[%clk 00:53:02]} {[%emt 00:16:00]} Nd5 {[%clk 00:50:27]} {[%emt 00:02:13]}
20. Qc4 {[%clk 00:35:28]} {[%emt 00:18:05]} Nxe3 {[%clk 00:41:28]} {[%emt
00:09:28]} 21. fxe3 {[%clk 00:35:56]} {[%emt 00:00:02]} Bd6 {[%clk 00:41:22]}
{[%emt 00:00:36]} 22. Nd3 {[%clk 00:23:32]} {[%emt 00:12:54]} Qxg4 {[%clk
00:29:43]} {[%emt 00:12:09]} 23. Rhg1 {[%clk 00:22:10]} {[%emt 00:01:52]} Qh5
{[%clk 00:29:16]} {[%emt 00:00:57]} 24. e4 {[%clk 00:17:30]} {[%emt 00:05:10]}
Qf3 {[%clk 00:12:05]} {[%emt 00:17:40]} 25. Rde1 {[%clk 00:14:38]} {[%emt
00:03:22]} g5 {[%clk 00:07:41]} {[%emt 00:04:55]} 26. d5 {[%clk 00:14:01]}
{[%emt 00:01:07]} Kd7 {[%clk 00:02:54]} {[%emt 00:05:17]} 27. Qb3 {[%clk
00:07:21]} {[%emt 00:07:10]} Kc7 {[%clk 00:02:25]} {[%emt 00:00:59]} 28. Rgf1
{[%clk 00:07:41]} {[%emt 00:00:09]} Qh5 {[%clk 00:02:33]} {[%emt 00:00:22]} 29.
e5 {[%clk 00:06:01]} {[%emt 00:02:11]} Bf8 {[%clk 00:01:35]} {[%emt 00:01:27]}
30. dxe6 {[%clk 00:05:07]} {[%emt 00:01:24]} fxe6 {[%clk 00:01:57]} {[%emt
00:00:08]} 31. Qxe6 {[%clk 00:05:12]} {[%emt 00:00:25]} Rh7 {[%clk 00:01:54]}
{[%emt 00:00:33]} 32. Qf5 {[%clk 00:05:04]} {[%emt 00:00:38]} Re7 {[%clk
00:02:04]} {[%emt 00:00:21]} 33. Nf4 {[%clk 00:04:22]} {[%emt 00:01:12]} Qf7
{[%clk 00:01:59]} {[%emt 00:00:34]} 34. Qxf7 {[%clk 00:04:32]} {[%emt
00:00:20]} Rxf7 {[%clk 00:02:27]} {[%emt 00:00:03]} 35. Ne6+ {[%clk 00:04:32]}
{[%emt 00:00:30]} Kd7 {[%clk 00:02:51]} {[%emt 00:00:06]} 36. Rxf7+ {[%clk
00:04:19]} {[%emt 00:00:42]} Kxe6 {[%clk 00:03:19]} {[%emt 00:00:02]} 37. Rf6+
{[%clk 00:03:47]} {[%emt 00:01:02]} Kd5 {[%clk 00:02:25]} {[%emt 00:01:25]} 38.
e6 {[%clk 00:03:17]} {[%emt 00:00:59]} Re8 {[%clk 00:02:29]} {[%emt 00:00:25]}
39. e7 {[%clk 00:00:38]} {[%emt 00:03:10]} Bxe7 {[%clk 00:02:09]} {[%emt
00:00:50]} 40. Rfe6 {[%clk 00:00:59]} {[%emt 00:00:07]} g4 {[%clk 00:00:36]}
{[%emt 00:02:05]} 41. Rxe7 {[%clk 00:01:20]} {[%emt 00:00:08]} Rf8 {[%clk
00:30:05]} {[%emt 00:01:01]} 42. R7e5+ {[%clk 00:31:21]} {[%emt 00:00:29]} Kd6
{[%clk 00:30:03]} {[%emt 00:00:33]} 43. Re6+ {[%clk 00:31:45]} {[%emt
00:00:06]} Kc5 {[%clk 00:30:25]} {[%emt 00:00:08]} 44. Rxh6 {[%clk 00:32:07]}
{[%emt 00:00:08]} g3 {[%clk 00:29:27]} {[%emt 00:01:28]} 45. Rg6 {[%clk
00:32:24]} {[%emt 00:00:13]} Rf3 {[%clk 00:29:51]} {[%emt 00:00:06]} 46. Rg1
{[%clk 00:32:40]} {[%emt 00:00:13]} Rf2 {[%clk 00:29:40]} {[%emt 00:00:42]} 47.
R6xg3 {[%clk 00:33:00]} {[%emt 00:00:10]} b5 {[%clk 00:30:03]} {[%emt
00:00:08]} 48. Rc3+ {[%clk 00:32:48]} {[%emt 00:00:41]} Kb6 {[%clk 00:30:29]}
49. b4 {[%clk 00:32:45]} {[%emt 00:00:37]} Rf6 {[%clk 00:30:53]} 50. Ra3 {[%emt
00:02:08]} Rf4 51. c3 Rf7 52. Rg4 Rf1+ 53. Kc2 Rf3 54. Rg7 a6 55. Rg6 Rh3 56.
Ra5 Rh7 57. a4 Rh2+ 58. Kb3 Rh7 59. axb5 axb5 60. Ra8 {[%clk 00:31:13]} 1-0

[Event "DEM U16 2025"]
[Site "Willingen GER"]
[Date "2025.06.10"]
[Round "4"]
[White "Jung, Marcel"]
[Black "Bock, Leonas"]
[Result "1-0"]
[Termination "normal"]
[Board "16"]
[WhiteElo "1728"]
[BlackElo "1659"]
[WhiteClock "00:50:46"]
[BlackClock "00:04:28"]
[PlyCount "43"]
[WhiteFideId "34673881"]
[BlackFideId "16287118"]
[EventCountry "GER"]
[EventRounds "9"]
[EventType "swiss"]
[EventDate "2025.06.07"]

1. c4 {[%clk 01:30:57]} {[%emt 00:00:02]} c6 {[%clk 01:30:25]} {[%emt
00:00:36]} 2. Nc3 {[%clk 01:31:17]} {[%emt 00:00:09]} d5 {[%clk 01:30:39]}
{[%emt 00:00:16]} 3. e3 {[%clk 01:31:41]} {[%emt 00:00:06]} Nf6 {[%clk
01:30:41]} {[%emt 00:00:27]} 4. Nf3 {[%clk 01:32:04]} {[%emt 00:00:08]} e6
{[%clk 01:29:54]} {[%emt 00:01:17]} 5. Be2 {[%clk 01:32:29]} {[%emt 00:00:06]}
Bd6 {[%clk 01:29:51]} {[%emt 00:00:32]} 6. b3 {[%clk 01:32:49]} {[%emt
00:00:10]} Nbd7 {[%clk 01:27:54]} {[%emt 00:02:27]} 7. Qc2 {[%clk 01:33:11]}
{[%emt 00:00:08]} O-O {[%clk 01:26:04]} {[%emt 00:02:21]} 8. Bb2 {[%clk
01:33:36]} {[%emt 00:00:05]} Re8 {[%clk 01:22:39]} {[%emt 00:03:55]} 9. Rg1
{[%clk 01:32:42]} {[%emt 00:01:23]} e5 {[%clk 01:15:31]} {[%emt 00:07:39]} 10.
cxd5 {[%clk 01:31:33]} {[%emt 00:01:39]} Nxd5 {[%clk 01:15:24]} {[%emt
00:00:36]} 11. Ne4 {[%clk 01:31:30]} {[%emt 00:00:34]} Bc7 {[%clk 00:59:17]}
{[%emt 00:16:37]} 12. g4 {[%clk 01:25:31]} {[%emt 00:06:28]} N7f6 {[%clk
00:46:10]} {[%emt 00:13:38]} 13. h4 {[%clk 01:13:24]} {[%emt 00:12:38]} Nxe4
{[%clk 00:23:21]} {[%emt 00:23:19]} 14. Qxe4 {[%clk 01:13:31]} {[%emt
00:00:22]} Nf6 {[%clk 00:23:20]} {[%emt 00:00:31]} 15. Qc2 {[%clk 01:13:22]}
{[%emt 00:00:39]} e4 {[%clk 00:20:46]} {[%emt 00:03:04]} 16. Nd4 {[%clk
01:12:51]} {[%emt 00:01:02]} Be5 {[%clk 00:17:57]} {[%emt 00:03:18]} 17. O-O-O
{[%clk 01:08:25]} {[%emt 00:04:57]} c5 {[%clk 00:09:07]} {[%emt 00:09:20]} 18.
Nf5 {[%clk 00:59:09]} {[%emt 00:09:44]} Bxf5 {[%clk 00:08:18]} {[%emt
00:01:21]} 19. gxf5 {[%clk 00:58:51]} {[%emt 00:00:48]} Qd7 {[%clk 00:07:32]}
{[%emt 00:01:16]} 20. Bxe5 {[%clk 00:58:04]} {[%emt 00:01:17]} Rxe5 {[%clk
00:07:53]} {[%emt 00:00:09]} 21. Qc3 {[%clk 00:50:58]} {[%emt 00:07:35]} Qxf5
{[%clk 00:04:28]} {[%emt 00:03:55]} 22. Rg5 {[%clk 00:50:46]} {[%emt 00:00:42]}
1-0